Football Teams Kevin Kampl Played For - Statistics

General Stats
  • This quiz has been taken 21 times
  • The average score is 6 of 9
Answer Stats
League Years Team % Correct
Germany 2015 Borussia Dortmund
100%
Germany 2017- RB Leipzig
76%
Austria 2012-2015 Red Bull Salzburg
76%
Germany 2010 Bayer 04 Leverkusen
71%
Germany 2011 Bayer 04 Leverkusen
71%
Germany 2015-2017 Bayer 04 Leverkusen
71%
Germany 2009-2010 Bayer 04 Leverkusen II
71%
Germany 2010-2011 SpVgg Greuther Fürth
29%
Germany 2011-2012 VfL Osnabrück
29%
No matching quizzes found
Score Distribution
Percent of People with Each Score
Percentile by Number Answered
Your Score History
You have not taken this quiz